| 000 | 00408cam a2200157ua 4500 | ||
|---|---|---|---|
| 003 | OSt | ||
| 008 | 241101b |||||||| |||| 00| 0 eng d | ||
| 041 | _aeng | ||
| 082 |
_a621.47 _bRAI/EN |
||
| 100 |
_aRaikhy, P.S . _96394 |
||
| 245 | _aEnergy conservation in India / | ||
| 260 |
_aMumbai : _bAllied Publishers Pvt Ltd , _c1985. |
||
| 300 |
_a ; _e`. |
||
| 700 | 1 |
_aParmindher, Singh . _96395 |
|
| 942 | _cBK | ||
| 999 |
_c13037 _d13037 |
||